Gott und den Menschen nahe: Eröffnung des Diözesanjubiläums; Predigt beim Pontifikalhochamt; Rede beim Neujahrsempfang 2003, 06. Januar 2003

Empfang in Stuttgart

Saved in:  
Bibliographic Details
Main Author: Fürst, Gebhard 1948- (Author)
Format: Print Book
Language:German
Subito Delivery Service: Order now.
Check availability: HBZ Gateway
WorldCat: WorldCat
Interlibrary Loan:Interlibrary Loan for the Fachinformationsdienste (Specialized Information Services in Germany)
Published: [Rottenburg] [Diözese Rottenburg-Stuttgart] 2003
In: Neujahrsansprache ... (2003)
Year: 2003
Series/Journal:Rede beim Neujahrsempfang ... $e[Diözese Rottenburg-Stuttgart], Bischof von Rottenburg-Stuttgart 2003
Standardized Subjects / Keyword chains:B Holy See (motif), Diözese Rottenburg-Stuttgart / History 1828-2003 / Sermon
Further subjects:B Modern age 1800-1900
B Jubilee
B Stuttgart
B History 2000-2020
B History 1900-2000
B 20. Jahrhundert
B Spring
B Holy See (motif) Diözese Rottenburg-Stuttgart
B History 1800-1900
B 21. Jahrhundert 2000-2020

MARC

LEADER 00000cam a2200000 c 4500
001 1173637176
003 DE-627
005 20240506174116.0
007 tu
008 030307s2003 gw ||||| 00| ||ger c
035 |a (DE-627)1173637176 
035 |a (DE-576)103637176 
035 |a (DE-599)BSZ103637176 
035 |a (OCoLC)314040097 
040 |a DE-627  |b ger  |c DE-627  |e rakwb 
041 |a ger 
044 |c XA-DE-BW 
084 |a 1  |2 ssgn 
084 |a 553  |2 bwlb 
084 |a 724  |2 bwlb 
100 1 |0 (DE-588)124602452  |0 (DE-627)363437789  |0 (DE-576)164957375  |4 aut  |a Fürst, Gebhard  |d 1948- 
109 |a Fürst, Gebhard 1948-  |a Fürst, Gebhard Rottenburg-Stuttgart, Bischof 1948- 
245 1 0 |a Gott und den Menschen nahe  |b Eröffnung des Diözesanjubiläums; Predigt beim Pontifikalhochamt; Rede beim Neujahrsempfang 2003, 06. Januar 2003  |c Gebhard Fürst 
246 3 0 |a Rede beim Neujahrsempfang 2003 
264 1 |a [Rottenburg]  |b [Diözese Rottenburg-Stuttgart]  |c 2003 
300 |a 16 S. 
336 |a Text  |b txt  |2 rdacontent 
337 |a ohne Hilfsmittel zu benutzen  |b n  |2 rdamedia 
338 |a Band  |b nc  |2 rdacarrier 
490 1 |a Rede beim Neujahrsempfang ... $e[Diözese Rottenburg-Stuttgart], Bischof von Rottenburg-Stuttgart  |v 2003 
520 |a Empfang in Stuttgart 
583 1 |a Archivierung/Langzeitarchivierung gewährleistet  |f PEBW  |x XA-DE-BW  |2 pdager  |5 DE-24 
583 1 |a Archivierung/Langzeitarchivierung gewährleistet  |f SSG  |x XA-DE-BW  |2 pdager  |5 DE-21 
601 |a Neujahrsempfang 
610 2 7 |0 (DE-588)1097762173  |0 (DE-627)857352148  |0 (DE-576)468929827  |a Katholische Kirche  |b Diözese Rottenburg-Stuttgart  |2 gnd  |7 (dpeaa)DE-631 
648 7 |a Geschichte 1900-2000  |2 gnd  |7 (dpeaa)DE-631 
648 7 |a Geschichte 1800-1900  |2 gnd  |7 (dpeaa)DE-631 
648 7 |a Geschichte 2000-2020  |2 gnd  |7 (dpeaa)DE-631 
648 4 |a 20. Jahrhundert  |0 (DE-631)24503  |7 (dpeaa)DE-631 
648 4 |a Neuzeit 1800-1900  |0 (DE-631)35911  |7 (dpeaa)DE-631 
648 4 |a 21. Jahrhundert 2000-2020  |0 (DE-631)67724  |7 (dpeaa)DE-631 
650 0 7 |0 (DE-588)4129003-3  |0 (DE-627)104724919  |0 (DE-576)209606878  |a Jubiläum  |2 gnd  |7 (dpeaa)DE-631 
651 7 |0 (DE-588)4058282-6  |0 (DE-627)106147811  |0 (DE-576)209125608  |a Stuttgart  |2 gnd  |7 (dpeaa)DE-631 
655 7 |a Quelle  |0 (DE-588)4135952-5  |0 (DE-627)105661236  |0 (DE-576)209665084  |2 gnd-content 
689 0 0 |d b  |0 (DE-588)1097762173  |0 (DE-627)857352148  |0 (DE-576)468929827  |2 gnd  |a Katholische Kirche  |b Diözese Rottenburg-Stuttgart 
689 0 1 |q z  |2 gnd  |a Geschichte 1828-2003 
689 0 2 |d s  |0 (DE-588)4047089-1  |0 (DE-627)106195794  |0 (DE-576)209072172  |2 gnd  |a Predigt 
689 0 |5 (DE-627) 
810 2 |a Katholische Kirche  |b Diözese Rottenburg-Stuttgart  |b Bischöfliches Ordinariat  |t Neujahrsansprache ...  |v 2003  |9 2003  |w (DE-627)603483623  |w (DE-576)429763034  |w (DE-600)2501367-1  |7 am 
935 |a mteo  |a BWLB 
951 |a BO 
ELC |b 1 
ITA |a 1  |t 1 
LOK |0 000 xxxxxcx a22 zn 4500 
LOK |0 001 242385823X 
LOK |0 003 DE-627 
LOK |0 004 1173637176 
LOK |0 005 20030826000000 
LOK |0 008 030826||||||||||||||||ger||||||| 
LOK |0 040   |a DE-21  |c DE-627  |d DE-21 
LOK |0 852   |a DE-21 
LOK |0 852 1  |c 15 E 1583  |9 00 
LOK |0 935   |a theo 
LOK |0 936ln  |a t4.1 
LOK |0 939   |a 26-08-03  |b l01 
ORI |a SA-MARC-ixtheoa001.raw 
STA 0 0 |a Jubilee,Sermon,Sermon 
STB 0 0 |a Jubilé,Sermon,Sermon,Homélie,Prédication,Homélie,Prédication 
STC 0 0 |a Jubileo,Aniversario,Aniversario,Predicación,Predicación,Homilía,Prédica,Homilía,Prédica,Homilía (Motivo),Prédica,Homilía,Prédica 
STD 0 0 |a Anniversario,Giubileo,Giubileo,Omelia,Omelia 
STE 0 0 |a 周年纪念日,讲章,讲章,讲道,讲道 
STF 0 0 |a 周年紀念日,講章,講章,講道,講道 
STG 0 0 |a Jubileu,Aniversário,Aniversário,Prédica,Prédica,Homilia,Pregação,Homilia,Pregação,Homilia (Motivo),Pregação,Homilia,Pregação 
STH 0 0 |a Проповедь (мотив),Проповедь,Юбилей 
STI 0 0 |a Επέτειος,Κήρυγμα (μοτίβο),Κήρυγμα 
SYB 0 0 |a Diözese Rottenburg-Stuttgart,DRS,Katholische Kirche,Diözese Rottenburg-Stuttgart,Diözesansynode,Katholische Kirche,Diözese Rottenburg-Stuttgart,Sekretariat,Katholische Kirche,Diözese Rottenburg-Stuttgart,Diözesanverwaltung,Katholische Kirche,Diözese Rottenburg-Stuttgart,Verwaltung,Katholische Kirche,Diözese Rottenburg-Stuttgart,Amt für Öffentlichkeitsarbeit,Katholische Kirche,Diözese Rottenburg-Stuttgart,Referat Ständiges Diakonat,Katholische Kirche,Diözese Rottenburg-Stuttgart,Ständiges Diakonat,Katholische Kirche,Diözese Rottenburg-Stuttgart,Ständiger Diakonat,Katholische Kirche,Diözese Rottenburg-Stuttgart,Arbeitsstelle für den Ständigen Diakonat,Katholische Kirche,Diözese Rottenburg-Stuttgart,Bischof,Katholische Kirche,Diözese Rottenburg-Stuttgart,Referat Erwachsenenpastoral und Erwachsenenbildung,Katholische Kirche,Diözese Rottenburg-Stuttgart,Referat für Glaubensfragen,Katholische Kirche,Diözese Rottenburg-Stuttgart,Hauptabteilung Ausbildung Ständiger Diakonat,Katholische Kirche,Diözese Rottenburg-Stuttgart,Hauptabteilung 1,Katholische Kirche,1,Katholische Kirche,Diözese Rottenburg-Stuttgart,Hauptabteilung Kirche und Gesellschaft,Katholische Kirche,Diözese Rottenburg-Stuttgart,Hauptabteilung 9 a,Katholische Kirche,9 a,Katholische Kirche,Diözese Rottenburg-Stuttgart,Hauptabteilung 4 a,Katholische Kirche,4 a,Katholische Kirche,Diözese Rottenburg-Stuttgart,Öffentlichkeitsarbeit,Katholische Kirche,Diözese Rottenburg-Stuttgart,Domkapitel,Katholische Kirche,Diözese Rottenburg-Stuttgart,Bischöflicher Stuhl,Katholische Kirche,Diözese Rottenburg-Stuttgart,Generalvikariat,Katholische Kirche,Diözese Rottenburg-Stuttgart,Hauptabteilung Weltkirche,Katholische Kirche,Diözese Rottenburg-Stuttgart,Hauptabtlg. Weltkirche,Katholische Kirche,Diözese Rottenburg-Stuttgart,Hauptabteilung Medien und Öffentlichkeitsarbeit,Arbeitsstelle Ständiges Diakonat,Diözesanpastoralrat,Diözesansynode,Diözesanverwaltung,Bischöfliche Verwaltung,Amt für Öffentlichkeitsarbeit,Bischof,Öffentlichkeitsarbeit,Bischöflicher Stuhl,Bischöfliches Generalvikariat,Generalvikariat,Biskupija Rottenburg-Stuttgart,Diecezja Rottenburg-Stuttgart,Diócesis Rottenburg-Stuttgart,Diocese Rottenburg-Stuttgart,Diocese de Rotemburgo-Estugarda,Diocesi Rottenburg-Stuttgart,Diocesi di Rottenburg-Stoccarda,Bistum Rottenburg-Stuttgart,Dioecesis Rottenburgensis-Stutgardiensis,Diözese Rottenberg-Stuttgart 
SYE 0 0 |a Jubiläumsfeier,Jubiläen 
SYF 0 0 |a Stuotgarten,Stadt der Auslandsdeutschen,Estugarola,Stoccarda,Estugarda,Stutgard,Stoutgart,Groß-Stuttgart,Štutgart,Shutsuttogaruto,Capital City Stuttgart,State Capital of Stuttgart,Landeshauptstadt Stuttgart,Stuttgard,Stadtgemeinde Stuttgart,Stutgardia,Stadt-Gemeinde Stuttgart,Stuttgardt,Stadt Stuttgart,Unicef-Kinderstadt Stuttgart 
SYG 0 0 |a Diözese Rottenburg-Stuttgart,DRS,Katholische Kirche,Diözese Rottenburg-Stuttgart,Diözesansynode,Katholische Kirche,Diözese Rottenburg-Stuttgart,Sekretariat,Katholische Kirche,Diözese Rottenburg-Stuttgart,Diözesanverwaltung,Katholische Kirche,Diözese Rottenburg-Stuttgart,Verwaltung,Katholische Kirche,Diözese Rottenburg-Stuttgart,Amt für Öffentlichkeitsarbeit,Katholische Kirche,Diözese Rottenburg-Stuttgart,Referat Ständiges Diakonat,Katholische Kirche,Diözese Rottenburg-Stuttgart,Ständiges Diakonat,Katholische Kirche,Diözese Rottenburg-Stuttgart,Ständiger Diakonat,Katholische Kirche,Diözese Rottenburg-Stuttgart,Arbeitsstelle für den Ständigen Diakonat,Katholische Kirche,Diözese Rottenburg-Stuttgart,Bischof,Katholische Kirche,Diözese Rottenburg-Stuttgart,Referat Erwachsenenpastoral und Erwachsenenbildung,Katholische Kirche,Diözese Rottenburg-Stuttgart,Referat für Glaubensfragen,Katholische Kirche,Diözese Rottenburg-Stuttgart,Hauptabteilung Ausbildung Ständiger Diakonat,Katholische Kirche,Diözese Rottenburg-Stuttgart,Hauptabteilung 1,Katholische Kirche,1,Katholische Kirche,Diözese Rottenburg-Stuttgart,Hauptabteilung Kirche und Gesellschaft,Katholische Kirche,Diözese Rottenburg-Stuttgart,Hauptabteilung 9 a,Katholische Kirche,9 a,Katholische Kirche,Diözese Rottenburg-Stuttgart,Hauptabteilung 4 a,Katholische Kirche,4 a,Katholische Kirche,Diözese Rottenburg-Stuttgart,Öffentlichkeitsarbeit,Katholische Kirche,Diözese Rottenburg-Stuttgart,Domkapitel,Katholische Kirche,Diözese Rottenburg-Stuttgart,Bischöflicher Stuhl,Katholische Kirche,Diözese Rottenburg-Stuttgart,Generalvikariat,Katholische Kirche,Diözese Rottenburg-Stuttgart,Hauptabteilung Weltkirche,Katholische Kirche,Diözese Rottenburg-Stuttgart,Hauptabtlg. Weltkirche,Katholische Kirche,Diözese Rottenburg-Stuttgart,Hauptabteilung Medien und Öffentlichkeitsarbeit,Arbeitsstelle Ständiges Diakonat,Diözesanpastoralrat,Diözesansynode,Diözesanverwaltung,Bischöfliche Verwaltung,Amt für Öffentlichkeitsarbeit,Bischof,Öffentlichkeitsarbeit,Bischöflicher Stuhl,Bischöfliches Generalvikariat,Generalvikariat,Biskupija Rottenburg-Stuttgart,Diecezja Rottenburg-Stuttgart,Diócesis Rottenburg-Stuttgart,Diocese Rottenburg-Stuttgart,Diocese de Rotemburgo-Estugarda,Diocesi Rottenburg-Stuttgart,Diocesi di Rottenburg-Stoccarda,Bistum Rottenburg-Stuttgart,Dioecesis Rottenburgensis-Stutgardiensis,Diözese Rottenberg-Stuttgart , Kanzelrede 
TIM |a 100018280101_100020031231  |b Geschichte 1828-2003